| 000 | 00638nam a2200241Ia 4500 | ||
|---|---|---|---|
| 003 | OSt | ||
| 005 | 20221005130545.0 | ||
| 006 | a|||||r|||| 00| 0 | ||
| 007 | ta | ||
| 008 | 221004b |||||||| |||| 00| 0 eng d | ||
| 024 | _a68553 | ||
| 037 | _cTextual | ||
| 040 |
_aCRL _cCRL _beng |
||
| 041 |
_2eng _aeng |
||
| 082 | _aX:9.N6, K6 | ||
| 110 |
_aNational Productivity Council (New Delhi) _9306144 |
||
| 245 | 0 | _aRole of labour in productivity | |
| 260 | _c1966 | ||
| 650 | _aECONOMICS | ||
| 700 |
_aNational Productivity Council (New Delhi) _9306145 |
||
| 942 |
_hX:9.N6, K6 _cTEXL _2cc |
||
| 999 |
_c1057642 _d1057642 |
||